| 000 | 01044nam a2200253 a 4500 | ||
|---|---|---|---|
| 001 | 000021689 | ||
| 005 | 20240305140748.0 | ||
| 008 | 100910s2000 dr 000 0 spa d | ||
| 020 | _a9993433055 | ||
| 040 |
_aDO-SdBNP _bspa _cBNPHU |
||
| 082 |
_a972.9324 _bP381b |
||
| 100 | 1 |
_aPeláez, Joaquín _d1949- _945117 |
|
| 245 | 1 | 0 |
_aBarahona : _bun enfoque sociológico / _cJoaquín Peláez ; presentación Daniel Beltré López ; prólogo Ramón Benito de la Rosa y Carpio. |
| 260 |
_aSanto Domingo : _bComisión Presidencial de Apoyo Desarrollo Providencial, _c2000. |
||
| 300 |
_a370 p. ; _c22 cm. |
||
| 500 | _aIncluye datos biográficos del autor en la solapa de la cubierta | ||
| 500 | _aIncluye notas al pie de las páginas | ||
| 504 | _aBibliografía : 369-370 | ||
| 650 | 4 |
_aCiudades y pueblos _zRepública Dominicana _9784 |
|
| 651 | 4 |
_aBarahona (República Dominicana{Rpara} _xHistoria Local _9231 |
|
| 700 | 1 | 2 |
_aBeltré López, Daniel _913896 |
| 700 | 1 | 2 |
_a Rosa y Carpio, Ramón Benito de la, _d1939- _epról. _974159 |
| 049 | _aBNPD | ||
| 999 |
_c21188 _d21188 |
||